000 00871nam a22002297a 4500
001 5023
003 FISKH
005 20241031164845.0
008 241031b cb ||||| |||| 00| 0 eng d
020 _a9780241955215
040 _aFISKH
_beng
_cFISKH
_dFISKH
050 _aD210.P935
082 _a305.09
100 _aPriestland, David
245 _aMerchant, Soldier, Sage :
_bA History of the World in Three Castes /
_cby David Priestland
260 _aLondon :
_bPenguin Books ;
_c2012 .
300 _a330 pages :
_billustrations ;
_c20 cm .
520 _aOutlines a reinterpretation of modern history that explores a continuing struggle among three prevailing power groups--the merchant, soldier, and sage--and traces how they have vied for dominance throughout recent centuries.
650 _aworld history
_vnon-fiction
942 _2ddc
_cBK
_n0
999 _c5023
_d5023